00335nam a2200145Ia 4500008004100000041000800041082001500049100001500064245003600079250001100115260002500126300000900151520001200160650001700172240515s2024 xx und d aeng a615.1 /MUN aM.Muiappan aTextbook of Modern Pharamcology aRe2024 bCBS Publishingc2024 a514p aDIPLOMA aPharmacology